00462nam a22001577a 450000500170000001000150001702000260003203500140005803700130007208200060008510000200009124500390011126000510015027000820020130000210028320220722143841.0 aENG-133862 a9789351952701c399.00 aEN-117394 bDBAD/PUB aS aDhondy, Farrukh aCambridge Company/cFarrukh Dhondy agurugrambHachette Book Publishing Indiac2016 a4th & 5th Floors, Corporate Centre, Plot no. 94, sector 44bgurugrame122003 a218p.c19cm(pbk)